Księżyce Jowisza od 150km średnicy - Statystyki

Ogólne statystyki
  • Ten quiz został rozwiązany 26 razy
  • Średni wynik to 3 z 6
Statystyki odpowiedzi
Średnica w
Kilometrach
Księżyc % Poprawnych
3122 Europa
95%
3643 Io
90%
5262 Ganimedes
70%
4821 Kallisto
70%
168 Amaltea
10%
160 Himalia
0%
Nie znaleziono quizów pasujących do podanych kryteriów
Rozkład punktacji
Procent ludzi z każdym wynikiem
Percentyl według liczby udzielonych odpowiedzi
Twoja historia wyników
Nie rozwiązałeś tego quizu